[Event "HUN-chT2 Toth 2324"]
[Site "Hungary"]
[Date "2024.04.21"]
[Round "8.4"]
[White "Brhlik, Gyorgy"]
[Black "Szili, Istvan"]
[Result "0-1"]
[WhiteElo "1942"]
[BlackElo "1956"]
[PlyCount "96"]
[EventDate "2023.10.08"]
[EventType "team-tourn"]
[EventRounds "9"]
[EventCountry "HUN"]
[SourceTitle "EXT 2025"]
[Source "ChessBase"]
[SourceDate "2024.10.14"]
[SourceVersion "1"]
[SourceVersionDate "2024.10.14"]
[SourceQuality "1"]
[WhiteTeam "Bekesszentandras"]
[BlackTeam "Kecskemet Takisz"]
[WhiteTeamCountry "HUN"]
[BlackTeamCountry "HUN"]

1. d4 e6 2. Nf3 Nf6 3. Bf4 d5 4. e3 Bd6 5. Bg3 0-0 6. Bd3 h6 7. c4 dxc4 8. Bxc4 Bb4+ 9. Nc3 Ne4 10. Qc2 Nd6 11. Bd3 c5 12. Bxd6 Qxd6 13. 0-0 Bxc3 14. Qxc3 cxd4 15. Nxd4 Bd7 16. Rfc1 Nc6 17. Nf3 Rac8 18. Rd1 Qe7 19. a3 e5 20. Be2 Nd4 21. Qd3 Bb5 22. Qxb5 Nxb5 23. Bxb5 Rfd8 24. Rxd8+ Qxd8 25. a4 a6 26. Bf1 f6 27. b3 g5 28. h3 h5 29. Be2 Rc2 30. Kf1 Qc8 31. Ne1 Rc1 32. Ra2 Qc3 33. Bc4+ Kg7 34. Re2 Qb4 35. Bd5 e4 36. f3 exf3 37. gxf3 Qh4 38. Rf2 Qxh3+ 39. Ke2 Qh1 40. Rf1 Qh2+ 41. Rf2 Qg1 42. Rf1 Qg3 43. Be4 Ra1 44. Rf2 Ra2+ 45. Nc2 Rb2 46. b4 b6 47. f4 g4 48. Rg2 Rxc2+ 0-1

[Event "HUN-chT2 Toth 2223"]
[Site "Hungary"]
[Date "2023.03.12"]
[Round "9.6"]
[White "Havasi, Gergely Bulcsu"]
[Black "Szili, Istvan"]
[Result "1/2-1/2"]
[WhiteElo "1670"]
[BlackElo "1946"]
[PlyCount "46"]
[EventDate "2022.10.16"]
[EventType "team-tourn"]
[EventRounds "11"]
[EventCountry "HUN"]
[SourceTitle "EXT 2025"]
[Source "ChessBase"]
[SourceDate "2024.10.14"]
[SourceVersion "1"]
[SourceVersionDate "2024.10.14"]
[SourceQuality "1"]
[WhiteTeam "Meritum II"]
[BlackTeam "Kecskemet Takisz"]
[WhiteTeamCountry "HUN"]
[BlackTeamCountry "HUN"]

1. e4 e6 2. Nf3 d5 3. exd5 exd5 4. d4 Nf6 5. Bg5 Be7 6. Bd3 h6 7. Bxf6 Bxf6 8. 0-0 0-0 9. c3 Re8 10. Nbd2 Bg4 11. h3 Bxf3 12. Nxf3 Nd7 13. Qb3 Nb6 14. Rfe1 Qd6 15. a4 a5 16. Rxe8+ Rxe8 17. Qb5 Qc6 18. Qb3 Qd6 19. Re1 Rxe1+ 20. Nxe1 Qc6 21. Bb5 Qe6 22. Nf3 Nc8 23. Bd3 Nd6 1/2-1/2

[Event "HUN-chT2 Toth 2122"]
[Site "Hungary"]
[Date "2022.02.13"]
[Round "6.8"]
[White "Szili, Istvan"]
[Black "Pasztorcsik, Janos"]
[Result "1-0"]
[WhiteElo "1950"]
[BlackElo "1902"]
[PlyCount "83"]
[EventDate "2021.10.10"]
[EventType "team-tourn"]
[EventRounds "9"]
[EventCountry "HUN"]
[SourceTitle "EXT 2025"]
[Source "ChessBase"]
[SourceDate "2024.10.14"]
[SourceVersion "1"]
[SourceVersionDate "2024.10.14"]
[SourceQuality "1"]
[WhiteTeam "Kecskemet Takisz"]
[BlackTeam "Oroshaza SE"]
[WhiteTeamCountry "HUN"]
[BlackTeamCountry "HUN"]

1. e4 c5 2. c3 d6 3. Nf3 Nf6 4. Bc4 Nc6 5. Qe2 e6 6. 0-0 Be7 7. d4 0-0 8. Rd1 Qc7 9. Bg5 h6 10. Bh4 e5 11. dxc5 dxc5 12. h3 Na5 13. Na3 a6 14. Bg3 Nd7 15. Bd5 Kh7 16. Rac1 f6 17. Nh4 g5 18. Nf5 Nb6 19. Qh5 Bxf5 20. exf5 Nxd5 21. Qg6+ Kh8 22. Qxh6+ Kg8 23. Qg6+ Kh8 24. Rxd5 Rad8 25. Rcd1 Rxd5 26. Rxd5 Rd8 27. Qf7 Rxd5 28. Qxd5 Qd6 29. Qf7 Nc6 30. Qh5+ Kg7 31. Nc4 Qd3 32. Ne3 Qb1+ 33. Kh2 Qxa2 34. Qg6+ Kf8 35. c4 b5 36. Nd5 Qxc4 37. Qh6+ Ke8 38. Qh8+ Kf7 39. Qh7+ Kf8 40. Qh8+ Kf7 41. Nc7 Qe4 42. Qe8+ 1-0

[Event "HUN-chT2 Toth 1516"]
[Site "Hungary"]
[Date "2016.04.17"]
[Round "11.9"]
[White "Bartos, Ferenc"]
[Black "Szili, Istvan"]
[Result "1-0"]
[WhiteElo "1806"]
[BlackElo "1988"]
[PlyCount "77"]
[EventDate "2015.09.13"]
[EventType "team-tourn"]
[EventRounds "11"]
[EventCountry "HUN"]
[SourceTitle "EXT 2017"]
[Source "ChessBase"]
[SourceDate "2016.10.25"]
[SourceVersion "1"]
[SourceVersionDate "2016.10.25"]
[SourceQuality "1"]
[WhiteTeam "Roszke"]
[BlackTeam "Takisz"]
[WhiteTeamCountry "HUN"]
[BlackTeamCountry "HUN"]

1. e4 e6 2. Qe2 Be7 3. Nc3 Nf6 4. f4 d5 5. d3 d4 6. Nd1 0-0 7. Nf3 c5 8. Nf2 b5 9. b3 Nc6 10. g4 Ne8 11. g5 f5 12. e5 Nc7 13. Bd2 Nd5 14. a3 Bb7 15. Bg2 Nc3 16. Bxc3 dxc3 17. 0-0 Nd4 18. Nxd4 Bxg2 19. Nxe6 Qd5 20. Nxf8 Bxf1 21. Qxf1 Rxf8 22. Nd1 c4 23. b4 a5 24. Qg2 Qd4+ 25. Qf2 Qxf2+ 26. Kxf2 axb4 27. axb4 Bxb4 28. d4 Rb8 29. Ke3 Rb6 30. Rb1 Ba5 31. d5 b4 32. Kd4 b3 33. Nxc3 bxc2 34. Rc1 Rb2 35. d6 Kf7 36. Nd5 Ke6 37. Kxc4 Bd2 38. Nc7+ Kd7 39. Kd5 1-0

[Event "HUN-chT2 Toth 1112"]
[Site "Hungary"]
[Date "2012.04.22"]
[Round "9.8"]
[White "Szili, Istvan"]
[Black "Banyai, Istvan"]
[Result "1/2-1/2"]
[WhiteElo "1984"]
[BlackElo "1968"]
[PlyCount "59"]
[EventDate "2011.09.25"]
[EventType "team-tourn"]
[EventRounds "11"]
[EventCountry "HUN"]
[SourceTitle "EXT 2013"]
[Source "ChessBase"]
[SourceDate "2012.11.22"]
[SourceVersion "1"]
[SourceVersionDate "2012.11.22"]
[SourceQuality "1"]
[WhiteTeam "Takisz"]
[BlackTeam "Gyula"]
[WhiteTeamCountry "HUN"]
[BlackTeamCountry "HUN"]

1. e4 c6 2. d4 d5 3. Nc3 dxe4 4. Nxe4 Bf5 5. Ng3 Bg6 6. Nf3 e6 7. Bd3 Nf6 8. Bg5 Nbd7 9. Qd2 Qb6 10. c3 Bxd3 11. Qxd3 h6 12. Bxf6 Nxf6 13. 0-0 Bd6 14. Ne5 Rd8 15. Nc4 Qc7 16. Nxd6+ Qxd6 17. Ne4 Nxe4 18. Qxe4 0-0 19. Rfe1 Rd7 20. Re3 Rfd8 21. Qe5 Qxe5 22. Rxe5 Rd5 23. Rae1 Kf8 24. f4 Rxe5 25. Rxe5 Rd5 26. Kf2 Ke7 27. Ke3 Rxe5+ 28. dxe5 Kd7 29. Kd4 Kc7 30. c4 1/2-1/2

[Event "HUN-chT2 Toth 1011"]
[Site "Hungary"]
[Date "2010.11.21"]
[Round "6.7"]
[White "Tornyai, Jeno"]
[Black "Szili, Istvan"]
[Result "1-0"]
[WhiteElo "1950"]
[BlackElo "2004"]
[PlyCount "31"]
[EventDate "2010.09.12"]
[EventType "team-tourn"]
[EventRounds "11"]
[EventCountry "HUN"]
[SourceTitle "EXT 2012"]
[Source "ChessBase"]
[SourceDate "2011.11.24"]
[SourceVersion "1"]
[SourceVersionDate "2011.11.24"]
[SourceQuality "1"]
[WhiteTeam "Maroczy II"]
[BlackTeam "Takisz"]
[WhiteTeamCountry "HUN"]
[BlackTeamCountry "HUN"]

1. d4 e6 2. Nc3 Nf6 3. e4 d5 4. Bg5 Be7 5. e5 Nfd7 6. h4 Bxg5 7. hxg5 Qxg5 8. Nh3 Qe7 9. Nf4 g6 10. Bd3 0-0 11. Qd2 c5 12. Ncxd5 exd5 13. Nxd5 Re8 14. Nxe7+ Rxe7 15. 0-0-0 Nc6 16. Rxh7 1-0

[Event "HUN-chT2 Toth 0910"]
[Site "Hungary"]
[Date "2010.05.02"]
[Round "11.7"]
[White "Balazs Szalai, Renata"]
[Black "Szili, Istvan"]
[Result "1-0"]
[WhiteElo "1743"]
[BlackElo "2041"]
[PlyCount "99"]
[EventDate "2009.11.08"]
[EventType "team-tourn"]
[EventRounds "11"]
[EventCountry "HUN"]
[SourceTitle "EXT 2011"]
[Source "ChessBase"]
[SourceDate "2010.11.26"]
[SourceVersion "1"]
[SourceVersionDate "2010.11.26"]
[SourceQuality "1"]
[WhiteTeam "Szentes Spartacus"]
[BlackTeam "Takisz"]
[WhiteTeamCountry "HUN"]
[BlackTeamCountry "HUN"]

1. e4 c6 2. Nc3 e5 3. d4 exd4 4. Qxd4 Qb6 5. Qxb6 axb6 6. Be3 Bc5 7. Bxc5 bxc5 8. Nf3 Nf6 9. e5 Nd5 10. Ne4 0-0 11. Nxc5 Nb4 12. Kd2 d6 13. Nd3 Nxd3 14. Bxd3 dxe5 15. Nxe5 Rd8 16. Rhe1 Be6 17. Kc3 Na6 18. b3 Nc7 19. Bc4 Nd5+ 20. Kb2 Rd6 21. Bxd5 Rxd5 22. Rad1 Rad8 23. Rxd5 Rxd5 24. Nd3 Kf8 25. Nf4 Rd2 26. Re2 Rxe2 27. Nxe2 Ke7 28. Nd4 Bd7 29. c4 Kd6 30. Kc3 f6 31. a3 c5 32. Nb5+ Kc6 33. a4 Bf5 34. Na3 b6 35. Nc2 g6 36. Ne3 Be6 37. f4 f5 38. b4 Bf7 39. g4 Be6 40. gxf5 gxf5 41. Kb3 h6 42. a5 cxb4 43. axb6 Kxb6 44. Kxb4 Kc6 45. c5 Bc8 46. Kc4 Ba6+ 47. Kd4 Bc8 48. Ke5 Kxc5 49. Nxf5 h5 50. Ng7 1-0

[Event "HUN-chT2 Toth 0910"]
[Site "Hungary"]
[Date "2010.02.28"]
[Round "7.7"]
[White "Mohacsi, Imre"]
[Black "Szili, Istvan"]
[Result "1-0"]
[WhiteElo "2045"]
[BlackElo "2041"]
[PlyCount "65"]
[EventDate "2009.11.08"]
[EventType "team-tourn"]
[EventRounds "11"]
[EventCountry "HUN"]
[SourceTitle "EXT 2011"]
[Source "ChessBase"]
[SourceDate "2010.11.26"]
[SourceVersion "1"]
[SourceVersionDate "2010.11.26"]
[SourceQuality "1"]
[WhiteTeam "Karcag"]
[BlackTeam "Takisz"]
[WhiteTeamCountry "HUN"]
[BlackTeamCountry "HUN"]

1. e4 c6 2. d4 d5 3. Nc3 dxe4 4. Nxe4 Bf5 5. Ng3 Bg6 6. h4 h6 7. h5 Bh7 8. Nf3 Nd7 9. Bd3 Bxd3 10. Qxd3 Qc7 11. Ne4 0-0-0 12. Bd2 Ngf6 13. 0-0-0 Nxe4 14. Qxe4 e6 15. c4 b6 16. Kb1 Nf6 17. Qe2 Bd6 18. g3 Rhe8 19. c5 bxc5 20. dxc5 Bxc5 21. Rc1 Rd5 22. Rh4 Kb7 23. Rhc4 Qe7 24. b4 Bb6 25. Rxc6 Red8 26. R6c2 Qd6 27. Be1 Nxh5 28. a4 Rd7 29. a5 Rd3 30. axb6 axb6 31. Ne5 Rb3+ 32. Rb2 Rxb2+ 33. Kxb2 1-0

[Event "HUN-chT2 Toth 0910"]
[Site "Hungary"]
[Date "2009.12.20"]
[Round "4.7"]
[White "Szili, Istvan"]
[Black "Tornyai, Jeno"]
[Result "1-0"]
[WhiteElo "2041"]
[BlackElo "1974"]
[PlyCount "157"]
[EventDate "2009.11.08"]
[EventType "team-tourn"]
[EventRounds "11"]
[EventCountry "HUN"]
[SourceTitle "EXT 2011"]
[Source "ChessBase"]
[SourceDate "2010.11.26"]
[SourceVersion "1"]
[SourceVersionDate "2010.11.26"]
[SourceQuality "1"]
[WhiteTeam "Takisz"]
[BlackTeam "Maroczy II"]
[WhiteTeamCountry "HUN"]
[BlackTeamCountry "HUN"]

1. e4 d5 2. exd5 Nf6 3. d4 c6 4. dxc6 e5 5. cxb7 Bxb7 6. Nf3 Nc6 7. c3 exd4 8. Nxd4 Bc5 9. Bb5 Bxd4 10. Qxd4 Qxd4 11. cxd4 0-0-0 12. Bxc6 Bxc6 13. 0-0 Rxd4 14. Be3 Rd7 15. Rc1 Kb7 16. Nc3 Ng4 17. Rd1 Re7 18. Bf4 Rhe8 19. h3 Ne5 20. Bxe5 Rxe5 21. Rd2 f5 22. b4 R8e7 23. a4 a6 24. Raa2 f4 25. f3 Re3 26. Nd5 Bxd5 27. Rxd5 Re1+ 28. Kf2 Rb1 29. Rd4 g5 30. Rad2 Ree1 31. Rd7+ Kc8 32. Rd8+ Kc7 33. R8d7+ Kc8 34. Ra7 Rf1+ 35. Ke2 Rfe1+ 36. Kd3 Rxb4 37. Rxa6 Ra1 38. Rc2+ Kb7 39. Rh6 Ra3+ 40. Rc3 Ra2 41. Rxh7+ Kb8 42. Rc2 Rbxa4 43. Rhc7 R2a3+ 44. R7c3 Kb7 45. Rxa3 Rxa3+ 46. Ke4 Ra5 47. Kd4 Kb6 48. Re2 Ra8 49. Re5 Rg8 50. Ke4 Kc6 51. Kf5 Kd6 52. Re6+ Kd5 53. Rg6 Rf8+ 54. Kxg5 Ke5 55. h4 Ra8 56. Rg7 Ra2 57. Kh6 Kf6 58. Rg4 Kf5 59. Rg8 Ra6+ 60. Kh7 Ra7+ 61. Rg7 Ra2 62. h5 Kf6 63. Rg8 Ra7+ 64. Kh6 Ra2 65. Rg4 Kf5 66. Rg5+ Kf6 67. g4 fxg3 68. Rxg3 Ra8 69. Kh7 Ra7+ 70. Kh8 Ra8+ 71. Rg8 Ra5 72. h6 Rh5 73. Kh7 Kf7 74. Ra8 Rg5 75. Ra7+ Kf8 76. Ra4 Rf5 77. Kg6 Rxf3 78. Ra8+ Ke7 79. h7 1-0

[Event "HUN-chT2 Toth 0910"]
[Site "Hungary"]
[Date "2009.11.08"]
[Round "1.7"]
[White "Szili, Istvan"]
[Black "Diamant, Tibor"]
[Result "1/2-1/2"]
[WhiteElo "2041"]
[BlackElo "2149"]
[PlyCount "61"]
[EventDate "2009.11.08"]
[EventType "team-tourn"]
[EventRounds "11"]
[EventCountry "HUN"]
[SourceTitle "EXT 2011"]
[Source "ChessBase"]
[SourceDate "2010.11.26"]
[SourceVersion "1"]
[SourceVersionDate "2010.11.26"]
[SourceQuality "1"]
[WhiteTeam "Takisz"]
[BlackTeam "Mako II"]
[WhiteTeamCountry "HUN"]
[BlackTeamCountry "HUN"]

1. e4 c5 2. Nf3 Nc6 3. Bb5 g6 4. 0-0 Bg7 5. c3 Nf6 6. Re1 a6 7. Bxc6 dxc6 8. d3 0-0 9. h3 Qc7 10. Qc2 e5 11. Be3 b6 12. Nbd2 Bb7 13. Nc4 Nd7 14. b4 cxb4 15. cxb4 c5 16. bxc5 Nxc5 17. Nxb6 Qxb6 18. Qxc5 Qxc5 19. Bxc5 Rfd8 20. Rad1 Rd7 21. d4 exd4 22. Nxd4 Bxd4 23. Rxd4 Rxd4 24. Bxd4 Re8 25. f3 f5 26. Rb1 Re7 27. exf5 gxf5 28. Kf2 Bd5 29. a3 Rb7 30. Rxb7 Bxb7 31. Ke3 1/2-1/2

[Event "HUN-chT2 Toth 0809"]
[Site "Hungary"]
[Date "2009.04.24"]
[Round "10.7"]
[White "Egyed, Gabor"]
[Black "Szili, Istvan"]
[Result "1-0"]
[WhiteElo "1885"]
[BlackElo "2091"]
[PlyCount "61"]
[EventDate "2008.10.26"]
[EventType "tourn"]
[EventRounds "11"]
[EventCountry "HUN"]
[SourceTitle "EXT 2010"]
[Source "ChessBase"]
[SourceDate "2010.11.25"]
[SourceVersion "1"]
[SourceVersionDate "2010.11.25"]
[SourceQuality "1"]
[WhiteTeam "Karcag"]
[BlackTeam "Takisz"]
[WhiteTeamCountry "HUN"]
[BlackTeamCountry "HUN"]

1. e4 c6 2. d4 d5 3. exd5 cxd5 4. c4 Nf6 5. Nf3 e6 6. c5 Be7 7. Nc3 Nc6 8. Bb5 0-0 9. Bxc6 bxc6 10. Qa4 Qc7 11. Ne5 Bxc5 12. Qxc6 Qxc6 13. Nxc6 Bb6 14. Be3 Bb7 15. Ne5 Rac8 16. 0-0 Rc7 17. Na4 Rfc8 18. Nxb6 axb6 19. Rac1 Rc2 20. f3 Rxb2 21. Rxc8+ Bxc8 22. Rc1 Ba6 23. Rc7 Rb1+ 24. Kf2 Rf1+ 25. Kg3 Nh5+ 26. Kh4 f6 27. Nc6 g6 28. Bh6 e5 29. dxe5 fxe5 30. Nxe5 Re1 31. f4 1-0

[Event "HUN-chT2 Toth 0809"]
[Site "Hungary"]
[Date "2008.11.30"]
[Round "3.7"]
[White "Nagy, Jozsef"]
[Black "Szili, Istvan"]
[Result "1/2-1/2"]
[WhiteElo "1943"]
[BlackElo "2091"]
[PlyCount "29"]
[EventDate "2008.10.26"]
[EventType "tourn"]
[EventRounds "11"]
[EventCountry "HUN"]
[SourceTitle "EXT 2010"]
[Source "ChessBase"]
[SourceDate "2010.11.25"]
[SourceVersion "1"]
[SourceVersionDate "2010.11.25"]
[SourceQuality "1"]
[WhiteTeam "Szentes"]
[BlackTeam "Takisz"]
[WhiteTeamCountry "HUN"]
[BlackTeamCountry "HUN"]

1. d4 e6 2. Nf3 Nf6 3. Bg5 Be7 4. c4 d5 5. e3 h6 6. Bxf6 Bxf6 7. cxd5 exd5 8. Nc3 0-0 9. Be2 c6 10. Rc1 Bf5 11. h3 Nd7 12. Bd3 Bxd3 13. Qxd3 Nb6 14. b3 Qd6 15. 0-0 1/2-1/2

[Event "HUN-chT2 Toth 0809"]
[Site "Hungary"]
[Date "2008.11.02"]
[Round "2.7"]
[White "Szili, Istvan"]
[Black "Tenk, Zoltan"]
[Result "1/2-1/2"]
[WhiteElo "2091"]
[BlackElo "2145"]
[PlyCount "47"]
[EventDate "2008.10.26"]
[EventType "tourn"]
[EventRounds "11"]
[EventCountry "HUN"]
[SourceTitle "EXT 2010"]
[Source "ChessBase"]
[SourceDate "2010.11.25"]
[SourceVersion "1"]
[SourceVersionDate "2010.11.25"]
[SourceQuality "1"]
[WhiteTeam "Takisz"]
[BlackTeam "Maroczy II"]
[WhiteTeamCountry "HUN"]
[BlackTeamCountry "HUN"]

1. e4 c5 2. Nf3 d6 3. Bb5+ Bd7 4. Bxd7+ Nxd7 5. 0-0 Ngf6 6. Re1 e6 7. c3 Be7 8. d4 cxd4 9. cxd4 d5 10. exd5 Nxd5 11. Nc3 0-0 12. Nxd5 exd5 13. Qb3 Nb6 14. Bd2 Bd6 15. Rac1 Qd7 16. Bb4 Bxb4 17. Qxb4 Rfe8 18. Ne5 Qe7 19. Qxe7 Rxe7 20. Rc5 f6 21. Nf3 Rxe1+ 22. Nxe1 Rc8 23. Rxc8+ Nxc8 24. Nd3 1/2-1/2